000 00722cam a2200205 a 4500
001 000001549
005 20200929145621.0
008 800409s1978 ve a b 000 0 spa
082 _a016.987
_bD772i
100 1 _aDrenikoff, Ivan.
_95081
245 1 0 _aImpresos relativos a Venezuela :
_bdesde el descubrimiento hasta 1821 /
_cIvan Drenikoff.
260 _aCaracas :
_bFundación para el Rescate del Acervo Documental Venezolano,
_c1978.
300 _a233 p. :
_bil. ;
_c25 cm.
440 0 _aManuel Segundo Sánchez
_95082
650 4 _aImprenta
_95083
651 4 _aVenezuela
_xHistoria
_yBIBLIOGRAFÍA
_95084
651 4 _aVenezuela
_xHistoria
_ySIGLO XX
_95085
910 _aCatalogación por copia / LC
999 _c1451
_d1451
040 _aDO-SdBNP